|
|
|
|
| LEADER |
00000cam a2200000 7i4500 |
| 001 |
0000094398 |
| 005 |
20240922162610.0 |
| 020 |
|
|
|a 9789386108340 (
|q paperback)
|
| 040 |
|
|
|e rda
|
| 041 |
|
|
|a English
|
| 090 |
0 |
0 |
|a JP
|b ENG
|
| 245 |
1 |
0 |
|a Fun at home
|
| 264 |
|
1 |
|a India :
|b Om Books International
|c 2017
|
| 300 |
|
|
|a 32 pages :
|b colour illustration ;
|c 22 cm.
|
| 336 |
|
|
|a text
|2 rdacontent
|
| 337 |
|
|
|a unmediated
|2 rdamedia
|
| 338 |
|
|
|a volume
|2 rdacarrier
|
| 490 |
1 |
|
|a All set to read series
|
| 500 |
|
|
|a Children age 4-6 years old (yellow)
|
| 541 |
|
|
|c Purchased on 2024
|f 064/24 IMS
|h RM27.50
|
| 650 |
|
0 |
|a Children's stories,English
|
| 730 |
0 |
|
|a Title
|
| 999 |
|
|
|a 0001780931
|b Book
|c Children Collection
|e Desa - PPAJ
|
| 999 |
|
|
|a 0001780932
|b Book
|c Children Collection
|e Desa - PPAJ
|
| 999 |
|
|
|a 0001780933
|b Book
|c Children Collection
|e Desa - PPAJ
|
| 999 |
|
|
|a 0001780934
|b Book
|c Children Collection
|e Desa - PPAJ
|
| 999 |
|
|
|a 0001780935
|b Book
|c Children Collection
|e Desa - PPAJ
|
| 999 |
|
|
|a 0001780936
|b Book
|c Children Collection
|e Desa - PPAJ
|
| 999 |
|
|
|a 0001780937
|b Book
|c Children Collection
|e Desa - PPAJ
|
| 999 |
|
|
|a 0001780938
|b Book
|c Children Collection
|e Desa - PPAJ
|
| 999 |
|
|
|a 0001780939
|b Book
|c Children Collection
|e Desa - PPAJ
|
| 999 |
|
|
|a 0001780940
|b Book
|c Children Collection
|e Desa - PPAJ
|
| 999 |
|
|
|a 0001780941
|b Book
|c Children Collection
|e Desa - PPAJ
|
| 999 |
|
|
|a 0001780942
|b Book
|c Children Collection
|e Desa - PPAJ
|
| 999 |
|
|
|a 0001780943
|b Book
|c Children Collection
|e Desa - PPAJ
|
| 999 |
|
|
|a 0001780944
|b Book
|c Children Collection
|e Desa - PPAJ
|
| 999 |
|
|
|a 0001780945
|b Book
|c Children Collection
|e Desa - PPAJ
|
| 999 |
|
|
|a 0001780946
|b Book
|c Children Collection
|e Desa - PPAJ
|
| 999 |
|
|
|a 0001780947
|b Book
|c Children Collection
|e Desa - PPAJ
|
| 999 |
|
|
|a 0001780948
|b Book
|c Children Collection
|e Desa - PPAJ
|
| 999 |
|
|
|a 0001780949
|b Book
|c Children Collection
|e Desa - PPAJ
|
| 999 |
|
|
|a 0001780950
|b Book
|c Children Collection
|e Desa - PPAJ
|
| 999 |
|
|
|a 0001780951
|b Book
|c Children Collection
|e Desa - PPAJ
|
| 999 |
|
|
|a 0001780952
|b Book
|c Children Collection
|e Desa - PPAJ
|
| 999 |
|
|
|a 0001780953
|b Book
|c Children Collection
|e Desa - PPAJ
|
| 999 |
|
|
|a 0001780954
|b Book
|c Children Collection
|e Desa - PPAJ
|
| 999 |
|
|
|a 0001780955
|b Book
|c Children Collection
|e Desa - PPAJ
|
| 999 |
|
|
|a 0001780956
|b Book
|c Children Collection
|e Desa - PPAJ
|
| 999 |
|
|
|a 0001780957
|b Book
|c Children Collection
|e Desa - PPAJ
|
| 999 |
|
|
|a 0001780958
|b Book
|c Children Collection
|e Desa - PPAJ
|
| 999 |
|
|
|a 0001780959
|b Book
|c Children Collection
|e Desa - PPAJ
|
| 999 |
|
|
|a 0001780960
|b Book
|c Children Collection
|e Desa - PPAJ
|
| 999 |
|
|
|a 0001780961
|b Book
|c Children Collection
|e Desa - PPAJ
|
| 999 |
|
|
|a 0001780962
|b Book
|c Children Collection
|e Desa - PPAJ
|
| 999 |
|
|
|a 0001780963
|b Book
|c Children Collection
|e Desa - PPAJ
|
| 999 |
|
|
|a 0001780964
|b Book
|c Children Collection
|e Desa - PPAJ
|
| 999 |
|
|
|a 0001780965
|b Book
|c Children Collection
|e Desa - PPAJ
|
| 999 |
|
|
|a 0001780966
|b Book
|c Children Collection
|e Desa - PPAJ
|
| 999 |
|
|
|a 0001780967
|b Book
|c Children Collection
|e Desa - PPAJ
|
| 999 |
|
|
|a 0001780968
|b Book
|c Children Collection
|e Desa - PPAJ
|
| 999 |
|
|
|a 0001780969
|b Book
|c Children Collection
|e Desa - PPAJ
|
| 999 |
|
|
|a 0001780970
|b Book
|c Children Collection
|e Desa - PPAJ
|
| 999 |
|
|
|a 0001780971
|b Book
|c Children Collection
|e Desa - PPAJ
|
| 999 |
|
|
|a 0001784687
|b Book
|c Children Collection
|e Perbadanan Perpustakaan Awam Johor
|
| 999 |
|
|
|a 0001784688
|b Book
|c Children Collection
|e Cawangan Urban Transformation Centre
|
| 999 |
|
|
|a 0001784689
|b Book
|c Children Collection
|e Cawangan AEON Kulaijaya
|
| 999 |
|
|
|a 0001784690
|b Book
|c Children Collection
|e Cawangan Mersing
|
| 999 |
|
|
|a 0001784691
|b Book
|c Children Collection
|e Cawangan Batu Pahat
|
| 999 |
|
|
|a 0001784692
|b Book
|c Children Collection
|e Cawangan Taman Universiti
|
| 999 |
|
|
|a 0001784693
|b Book
|c Children Collection
|e Cawangan Kota Tinggi
|
| 999 |
|
|
|a 0001784694
|b Book
|c Children Collection
|e Cawangan Tmn. Ungku Tun Aminah
|
| 999 |
|
|
|a 0001784695
|b Book
|c Children Collection
|e Cawangan Bandar Tenggara
|
| 999 |
|
|
|a 0001784696
|b Book
|c Children Collection
|e Cawangan Bandar Penawar
|
| 999 |
|
|
|a 0001784697
|b Book
|c Children Collection
|e Cawangan Pontian
|
| 999 |
|
|
|a 0001784698
|b Book
|c Children Collection
|e Cawangan Muar
|
| 999 |
|
|
|a 0001784699
|b Book
|c Children Collection
|e Cawangan Taman Sri Lambak
|
| 999 |
|
|
|a 0001784700
|b Book
|c Children Collection
|e Perbadanan Perpustakaan Awam Johor
|
| 999 |
|
|
|a 0001784701
|b Book
|c Children Collection
|e Cawangan Segamat
|
| 999 |
|
|
|a 0001784702
|b Book
|c Children Collection
|e Cawangan Bukit Gambir
|
| 999 |
|
|
|a 0001784703
|b Book
|c Children Collection
|e Cawangan Tangkak
|